[Event "Titled Tuesday intern op 18th Mar Late"]
[Site "Chess.com INT"]
[Date "2025.03.18"]
[Round "3"]
[White "Esquivel Golcher, Luis Enrique"]
[Black "Sanguinetti, Luis"]
[Result "0-1"]
[WhiteElo "2081"]
[BlackElo "2178"]
[PlyCount "60"]
[EventDate "2025.03.18"]
[EventType "swiss (blitz)"]
[EventRounds "11"]
[EventCountry "USA"]
[SourceTitle "CB13_2025"]
[SourceDate "2025.03.26"]
[SourceVersion "1"]
[SourceVersionDate "2025.03.26"]
[SourceQuality "1"]

1. b3 Nf6 2. Bb2 g6 3. Bxf6 exf6 4. c4 f5 5. Nc3 Bg7 6. Rc1 0-0 7. e3 Re8 8. g3 Nc6 9. Bg2 b6 10. Nge2 Bb7 11. d4 Na5 12. Bxb7 Nxb7 13. 0-0 Nd6 14. h4 Ne4 15. h5 Nf6 16. hxg6 fxg6 17. Nf4 Ng4 18. Re1 Bh6 19. Kg2 Bxf4 20. exf4 Rxe1 21. Qxe1 Qf6 22. Rd1 c6 23. Qe2 Kf7 24. Qd3 Re8 25. d5 c5 26. a4 h5 27. Rd2 h4 28. Re2 h3+ 29. Kh1 Rxe2 30. Nxe2 Nxf2+ 0-1

[Event "Titled Tuesday intern op 18th Mar Late"]
[Site "Chess.com INT"]
[Date "2025.03.18"]
[Round "5"]
[White "Patel, Maahir M"]
[Black "Sanguinetti, Luis"]
[Result "0-1"]
[WhiteElo "2082"]
[BlackElo "2178"]
[PlyCount "58"]
[EventDate "2025.03.18"]
[EventType "swiss (blitz)"]
[EventRounds "11"]
[EventCountry "USA"]
[SourceTitle "CB13_2025"]
[SourceDate "2025.03.26"]
[SourceVersion "1"]
[SourceVersionDate "2025.03.26"]
[SourceQuality "1"]

1. d4 Nf6 2. c3 b6 3. Bg5 Bb7 4. Nd2 c5 5. Bxf6 gxf6 6. e4 e6 7. Ngf3 Rg8 8. g3 cxd4 9. cxd4 Bb4 10. Bd3 f5 11. exf5 Bxd2+ 12. Kxd2 Qf6 13. Qe2 Bxf3 14. Qxf3 Nc6 15. Rac1 Ke7 16. Qe4 Nxd4 17. Rhe1 Rac8 18. Rc3 d5 19. Qxd5 Rxc3 20. bxc3 Rd8 21. Qe4 Nxf5 22. Kc2 Rc8 23. Qb7+ Kd8 24. c4 Nd6 25. Qg2 Nxc4 26. Re2 Ne5+ 27. Kd2 Nxd3 28. Kxd3 Qc3+ 29. Ke4 Rc4# 0-1

[Event "Titled Tuesday intern op 18th Mar Late"]
[Site "Chess.com INT"]
[Date "2025.03.18"]
[Round "1"]
[White "Sanguinetti, Luis"]
[Black "Lovik, Lasse Ostebo"]
[Result "0-1"]
[WhiteElo "2178"]
[BlackElo "2366"]
[PlyCount "66"]
[EventDate "2025.03.18"]
[EventType "swiss (blitz)"]
[EventRounds "11"]
[EventCountry "USA"]
[SourceTitle "CB13_2025"]
[SourceDate "2025.03.26"]
[SourceVersion "1"]
[SourceVersionDate "2025.03.26"]
[SourceQuality "1"]

1. Nf3 c5 2. b3 Nc6 3. Bb2 Nf6 4. e3 g6 5. g3 Bg7 6. Bg2 0-0 7. 0-0 Re8 8. d4 d6 9. c4 cxd4 10. Nxd4 Bd7 11. Nc3 Rc8 12. Rc1 Qa5 13. h3 h5 14. a3 Kh7 15. b4 Qd8 16. Nb3 b6 17. Qe2 Ne5 18. Nd5 Nxd5 19. cxd5 b5 20. Be4 Kg8 21. Kh2 Rc4 22. Nd4 Qb6 23. f4 Rxc1 24. Bxc1 Nc4 25. f5 Ne5 26. Bb2 Rc8 27. fxg6 fxg6 28. Bxg6 Nxg6 29. Qxh5 Be8 30. Nf5 Rc2+ 31. Kh1 Qb7 32. Nxg7 Bf7 33. Rxf7 Rxb2 0-1

[Event "Titled Tuesday intern op 23rd Jul Late"]
[Site "Chess.com INT"]
[Date "2024.07.23"]
[Round "4"]
[White "Flores Quillas, Diego Saul Rodrigo"]
[Black "Sanguinetti, Luis"]
[Result "1-0"]
[WhiteElo "2460"]
[BlackElo "2178"]
[PlyCount "95"]
[EventDate "2024.07.23"]
[EventType "swiss (blitz)"]
[EventRounds "11"]
[EventCountry "USA"]
[SourceTitle "EXT 2025"]
[Source "ChessBase"]
[SourceDate "2024.10.14"]
[SourceVersion "1"]
[SourceVersionDate "2024.10.14"]
[SourceQuality "1"]

1. d4 d5 2. Bg5 c5 3. c3 Qb6 4. Qb3 Nc6 5. Qxb6 axb6 6. e3 f6 7. Bh4 e5 8. Nf3 g5 9. Bg3 g4 10. Nfd2 cxd4 11. exd4 exd4 12. Bb5 dxc3 13. Nxc3 Be6 14. 0-0 Nge7 15. Rfe1 Kf7 16. a3 Nf5 17. Bc7 Bc5 18. Rac1 Rac8 19. Bf4 h5 20. Bd3 Ncd4 21. Na4 h4 22. b4 Bd6 23. Bxd6 Nxd6 24. Nxb6 Rxc1 25. Rxc1 h3 26. Rc7+ Kf8 27. g3 Rh5 28. f4 gxf3 29. Kf2 Re5 30. a4 Ne4+ 31. Bxe4 dxe4 32. Nf1 Nf5 33. Rc3 Nh6 34. Ne3 f5 35. a5 Ng4+ 36. Nxg4 fxg4 37. Ke3 Rb5 38. Kxe4 Rxb4+ 39. Ke5 f2 40. Rc1 Bf7 41. Kf6 Rb5 42. Rc8+ Be8 43. Nd7+ Kg8 44. Rxe8+ Kh7 45. Kf7 f1Q+ 46. Nf6+ Kh6 47. Rh8+ Kg5 48. Rh5# 1-0

[Event "Titled Tuesday intern op 23rd Jul Late"]
[Site "Chess.com INT"]
[Date "2024.07.23"]
[Round "3"]
[White "Sanguinetti, Luis"]
[Black "Merino Garcia, Rafael"]
[Result "0-1"]
[WhiteElo "2178"]
[BlackElo "2382"]
[PlyCount "52"]
[EventDate "2024.07.23"]
[EventType "swiss (blitz)"]
[EventRounds "11"]
[EventCountry "USA"]
[SourceTitle "EXT 2025"]
[Source "ChessBase"]
[SourceDate "2024.10.14"]
[SourceVersion "1"]
[SourceVersionDate "2024.10.14"]
[SourceQuality "1"]

1. Nf3 d6 2. g3 Nd7 3. Bg2 g6 4. 0-0 Bg7 5. e4 e5 6. d4 exd4 7. Nxd4 Ne7 8. Nc3 0-0 9. a4 Nc6 10. Be3 Nde5 11. Nxc6 bxc6 12. b3 c5 13. Rb1 Bg4 14. Qd2 Nf3+ 15. Bxf3 Bxf3 16. h3 Qf6 17. Nd5 Qe6 18. Kh2 Qxe4 19. Nxc7 Rad8 20. Nb5 Be5 21. c3 Qh4 22. Bg5 Qh5 23. Bxd8 Rxd8 24. Rbe1 Bg4 25. Rxe5 Qxh3+ 26. Kg1 Bf3 0-1

[Event "Titled Tuesday intern op 09th Jul Early"]
[Site "Chess.com INT"]
[Date "2024.07.09"]
[Round "6"]
[White "Sanguinetti, Luis"]
[Black "Przybylski, Wojciech"]
[Result "0-1"]
[WhiteElo "2178"]
[BlackElo "2308"]
[PlyCount "40"]
[EventDate "2024.07.09"]
[EventType "swiss (blitz)"]
[EventRounds "11"]
[EventCountry "USA"]
[SourceTitle "EXT 2025"]
[Source "ChessBase"]
[SourceDate "2024.10.14"]
[SourceVersion "1"]
[SourceVersionDate "2024.10.14"]
[SourceQuality "1"]

1. Nf3 Nf6 2. g3 g6 3. b3 Bg7 4. Bb2 0-0 5. Bg2 b6 6. 0-0 Bb7 7. c4 c5 8. Nc3 Nc6 9. d4 d5 10. cxd5 Nxd4 11. Nxd4 cxd4 12. Qxd4 Nxd5 13. Qxg7+ Kxg7 14. Nxd5+ Kg8 15. Rfd1 Bxd5 16. Bxd5 Qc8 17. Rac1 Qa6 18. Bxa8 Qxe2 19. Ba3 Rxa8 20. Bxe7 Qxe7 0-1

[Event "Titled Tuesday intern op 30th Jan Early"]
[Site "Chess.com INT"]
[Date "2024.01.30"]
[Round "4"]
[White "Sanguinetti, Luis"]
[Black "Hernando Rodrigo, Julio Antonio"]
[Result "1-0"]
[WhiteElo "2178"]
[BlackElo "2207"]
[PlyCount "77"]
[EventDate "2024.01.30"]
[EventType "swiss (blitz)"]
[EventRounds "11"]
[EventCountry "USA"]
[SourceTitle "EXT 2025"]
[Source "ChessBase"]
[SourceDate "2024.10.14"]
[SourceVersion "1"]
[SourceVersionDate "2024.10.14"]
[SourceQuality "1"]

1. Nf3 d5 2. b3 Nf6 3. Bb2 e6 4. e3 Be7 5. c4 0-0 6. d4 c6 7. Nbd2 Nbd7 8. Bd3 b6 9. 0-0 Bb7 10. Re1 c5 11. cxd5 Nxd5 12. a3 cxd4 13. Nxd4 Nc5 14. Bc2 a5 15. Nc4 Bf6 16. Qb1 g6 17. Rd1 Rb8 18. e4 Nf4 19. Nf5 Qxd1+ 20. Bxd1 Bxe4 21. Nh6+ Kg7 22. Bxf6+ Kxf6 23. Qb2+ Ke7 24. Ng4 Ncd3 25. Qf6+ Kd7 26. Nge5+ Kc7 27. Nxd3 Nxd3 28. Qd4 Rfd8 29. Qxe4 Nc5 30. Qe5+ Kb7 31. Bf3+ Ka7 32. Qc7+ Ka6 33. b4 Nb3 34. b5+ Kxb5 35. Rb1 a4 36. Qc6+ Ka6 37. Qxa4+ Na5 38. Rxb6+ Rxb6 39. Qxa5# 1-0